000 00708nam a2200229Ia 4500
001 10024
003 GE_BSU
008 181216s||||||||xx |||||||||||||| ||und||
040 _cGE_BSU
080 _a821.353.1–1
100 _aონელი,არნო
245 _aკაიკაცობის საგალობელი
245 _bლექსები
245 _cრედ.მ.ქოიავა,ო.ჯიშკარიანი
260 _aთბილისი
260 _bმერანი
260 _c1969
300 _a103გვ.16სმ.
653 _aკაიკაცობის საგალობელი
653 _aლექსები
942 _cBK
999 _c43297
_d43297